Reflexiones en torno a derechos humanos y grupos vulnerables

Bibliographic Details
Main Author: Arlettaz, Fernando
Other Authors: Palacios Sanabria, Mara̕ Teresa
Format: eBook
Published: Colombia: Editorial Universidad de Rosario, 2015.
Subjects:
Online Access:Acceso restringido

MARC

LEADER 00000nam a22000007a 4500
005 20161109151259.0
007 cr|||| ||u|
008 161109s2015 Ck |||||o|||| 001 0 Spa d
020 |a 978-958-738-686-8 
035 |a 14545 
040 |a vLex 
090 |c 6392  |d 6392 
100 1 |a Arlettaz, Fernando 
245 1 |a Reflexiones en torno a derechos humanos y grupos vulnerables  |h [Recurso electrn̤ico] /  |c Fernando Arlettaz, Mara̕ Teresa Palacios Sanabria. 
256 |a Servicio en ln̕ea 
260 |a Colombia:  |b Editorial Universidad de Rosario,  |c 2015. 
300 |a 1 Recurso electrn̤ico 
506 1 |a Disponible en los productos indicados  |d vLex Global  |d vLex Global (Academic Edition, excluding Law Schools)  |d vLex Global (U.S. Academic Edition, Law Schools)  |d vLex Global (U.S. Academic Edition, excluding Law Schools)  |d vLex Global (Academic Edition, Law Schools) 
650 0 4 |a Derechos humanos  |z Colombia 
650 0 4 |a Derecho civil  |z Colombia 
700 1 |a Palacios Sanabria, Mara̕ Teresa  
740 0 |a vLex libros (servicio en ln̕ea) 
856 4 0 |u http://vlex.com/source/reflexiones-en-torno-a-derechos-humanos-y-grupos-vulnerables-14545  |z Acceso restringido 
942 |c BOOK 
999 0 |a Human rights 
999 0 |a Civil law